00485nam a2200145Ia 4500008004100000041000800041082001200049100001700061245004500078260003900123300003000162365001200192999001700204952011800221240624s9999 xx 000 0 und d aeng a330 GRA aGRAY H PETER aGLOBALIZATION AND ECONOMIC AND FINANCIAL c2005aUSAbEdward Elgar Publishing axx, : 630 : p. : cm. ; 25 cGBPb28 c21370d21370 00104070aIMTNbIMTNcRack 4-Bd2013-05-29eTBg173.00o330 GRAp21370r2024-06-24 00:00:00t88w2024-06-24yBK